1107 1476 1847 1076 1526 1048 1178 1135 1692 1330 1784 1818 1256 1901 1024 1269 1311 1899 1862 1910 1202 1386 1597 1679 1306 1589 1837 1712 1206 1147 1010 1363 1161 1479 1236 1411 1347 1820 1319 1233 1509 1714 1228 1439 1037 1665 1002 1369 1289 1187 1237 1964 1396 1529 1282 1340 1585 1136 1478 1246 1161 1563 1939 1328 1780 1753 1113 1602 1500 1225 1894 1574 1618 1291 1286 1612 1449 1611 1106 1616 1453 1903 1086 1077 1636 1369 1868 1007 1653 1583 1836 1386 1369 1672 1935 1361 1657 1956 1769 BCNSPRNW ULIB Ver.6.0+V

เปลี่ยนเป็นภาษาไทย

Change to English
 แสดงรายละเอียดบรรณานุกรม
  กลับหน้าหลัก

Brief Record : Get Marc (ISO 2709) : E-mail record : QR code < ปิดหน้าต่าง
LEADER : 00000nam 2200000uu 4500
001    13399114249
003     ULIB
008    111003s||||||||th 000 0 tha d
020    9789740327639
050  4 HA32^bส882ก
100 0  สุวิมล ติรกานันท์
245 10 การวิเคราะห์ตัวแปรพหุในงานวิจัยทางสังคมศาสตร์/^cสุวิมล ติรกานันท์
250    พิมพ์ครั้งที่ 1
260    กรุงเทพฯ :^bสำนักพิมพ์แห่งจุฬาลงกรณ์มหาวิทยาลัย,^c2553
300    313 หน้า :^bภาพประกอบ
650  7 ตัวแปรพหุ^xการวิจัย
650  7 คาโนนิคอล
650  7 จำแนกพหุ
945    ^p280^l0^i031225
995    ทศพร
999 ^a ทศพร
รายการนี้ยังไม่มีแท็ก
คุณยังไม่ได้ล็อกอิน คุณสามารถมีกิจกรรมร่วมกับเว็บไซต์ได้ แต่ต้องล็อกอินก่อน ::
  ล็อกอิน

รายการสื่อสารสนเทศ

ลำดับที่ ประเภท เลขเรียก/บาร์โค้ด สถานที่ สถานะ
- ไม่พบข้อมูล -

รายการใกล้เคียง
    ผู้แต่ง [สุวิมล ติรกานันท์]

BibComment


ยังไม่เคยถูกคอมเมนท์

คอมเมนท์ทรัพยากรรายการนี้
  คอมเมนท์: การวิเคราะห์ตัวแป..


 Copyright 2026. Bcnsprnw @Library